000
00294nam a22001337a 4500
008
171024b xxu||||| |||| 00| 0 eng d
020
_a
9780205395095
041
_a
eng
080
_a
311
100
_a
55
101
_a
STA
245
_a
STATISTICS WITHOUT TEARS
_c
ROWNTREE,D
942
_2
udc
_c
BK
999
_c
35774
_d
35774